000 00461nam a22001457a 4500
999 _c2056
_d2056
008 200212b ||||| |||| 00| 0 eng d
020 _a1856174670
100 _91656
_aForsthoffer, William E.
245 1 0 _aPrinciples of rotating equipment, Vol. 1
_c/ by William E. Forsthoffer
260 _aOxford
_bElsevier
_c2005
300 _axiii,197p.
440 _aForsthoffer's rotating equipment handbook
650 0 _aTurbomachine
_xMechanical Engineering
942 _cBK